Million cities of India / (Record no. 9598)

MARC details
000 -LEADER
fixed length control field 00912cam a2200301 i 4500
001 - CONTROL NUMBER
control field 4642820
005 - DATE AND TIME OF LATEST TRANSACTION
control field 20260505143912.0
008 - FIXED-LENGTH DATA ELEMENTS--GENERAL INFORMATION
fixed length control field 790118s1978 ii a b 001 0 eng
010 ## - LIBRARY OF CONGRESS CONTROL NUMBER
LC control number 78904602
020 ## - INTERNATIONAL STANDARD BOOK NUMBER
International Standard Book Number 0706905547 :
Terms of availability Rs80.00
020 ## - INTERNATIONAL STANDARD BOOK NUMBER
International Standard Book Number 9780706905540
035 ## - SYSTEM CONTROL NUMBER
System control number 4642820
040 ## - CATALOGING SOURCE
Transcribing agency IRDP
043 ## - GEOGRAPHIC AREA CODE
Geographic area code a-ii---
050 00 - LIBRARY OF CONGRESS CALL NUMBER
Classification number HT147.I5
Item number M55
082 00 - DEWEY DECIMAL CLASSIFICATION NUMBER
Classification number 307.76 MIL
245 00 - TITLE STATEMENT
Title Million cities of India /
Statement of responsibility, etc. edited by R. P. Misra.
260 ## - PUBLICATION, DISTRIBUTION, ETC. (IMPRINT)
Place of publication, distribution, etc. New Delhi :
Name of publisher, distributor, etc. Vikas Pub. House,
Date of publication, distribution, etc. c1978.
300 ## - PHYSICAL DESCRIPTION
Extent ix, 405 p. :
Other physical details ill. ;
Dimensions 22 cm.
500 ## - GENERAL NOTE
General note Includes index.
504 ## - BIBLIOGRAPHY, ETC. NOTE
Bibliography, etc Bibliography: p. [381]-395.
650 #0 - SUBJECT ADDED ENTRY--TOPICAL TERM
Topical term or geographic name as entry element Cities and towns
Geographic subdivision India.
650 #0 - SUBJECT ADDED ENTRY--TOPICAL TERM
Topical term or geographic name as entry element Urbanization
Geographic subdivision India.
700 1# - ADDED ENTRY--PERSONAL NAME
Personal name Misra, R. P.
Fuller form of name (Rameshwar Prasad),
Dates associated with a name 1930-
906 ## - LOCAL DATA ELEMENT F, LDF (RLIN)
a 7
b cbc
c orignew
d 4
e ncip
f 19
g y-gencatlg
942 ## - ADDED ENTRY ELEMENTS (KOHA)
Source of classification or shelving scheme Dewey Decimal Classification
Koha item type BOOKS
Holdings
Withdrawn status Lost status Source of classification or shelving scheme Damaged status Not for loan Home library Current library Shelving location Date acquired Total Checkouts Full call number Barcode Date last seen Price effective from Koha item type
    Dewey Decimal Classification     Dodoma Dodoma Ground Floor 05/05/2026   307.76 MIL LIB003265 05/05/2026 05/05/2026 BOOKS

IRDP © 2021 :: Managed by ICT Team